000 00960nas a2200289 4500
001 BR8600552
003 BR-BrBNA
005 20231205090331.0
007 ta
008 230509b bl.|||p| |||| 00| 00por d
040 _aBR-BrBNA
_bpor
_cBiblioteca Nacional de Agricultura
041 _a(Pt)
072 _aL10; L02
100 1 _aCubas, A.C.
100 1 _aMancio, A.B.
100 1 _aLesskiu, C.
100 1 _aTahira, J.K.
245 1 _aEfeito da amamentacao controlada sobre a eficiencia reprodutiva de vacas de corte no sul do Parana
246 1 _a[Effect of controlled suckling on the reproductive efficiency of beef cows in southern Parana]
650 _aVACA
650 _aEFICIENCIA REPRODUTIVA
650 _aALEITAMENTO
650 _aPARANÁ
773 0 _tRevista da Sociedade Brasileira de Zootecnia (Brazil)
_xISSN 0100-4859
_g(1985), v. 14(2) p. 247-255
_wBR8600552
909 _a202311
_bLúcia
_c55
_dLúcia Elande
942 _2AGRIS
_n0
_cANA
999 _c117689
_d117689